New Zealand Rugby All Blacks - Most Capped sets of brothers - Statistics

General Stats
  • This quiz has been taken 620 times
    167 since last reset
  • The average score is 5 of 9
Answer Stats
Combined Caps Brothers % Correct
249 Beauden, Scott and Jordie Barrett
95%
135 Julian and Ardie Savea
69%
161 Sam, George and Luke Whitelock
67%
155 Ben and Owen Franks
63%
120 Zinzan and Robin Brooke
53%
90 Rieko and Akira Ioane
46%
70 Colin and Stan Meads
43%
93 Gary and Alan Whetton
39%
55 Ian and Don Clarke
15%
No matching quizzes found
Score Distribution
Percent of People with Each Score
Percentile by Number Answered
Your Score History
You have not taken this quiz since the last reset